SUPPLY CAIN MANAGEMENT (Record no. 64131)
[ view plain ]
| 000 -LEADER | |
|---|---|
| fixed length control field | 00426nam a22001697a 4500 |
| 003 - CONTROL NUMBER IDENTIFIER | |
| control field | OSt |
| 005 - DATE AND TIME OF LATEST TRANSACTION | |
| control field | 20240823121759.0 |
| 008 - FIXED-LENGTH DATA ELEMENTS--GENERAL INFORMATION | |
| fixed length control field | 240823b |||||||| |||| 00| 0 eng d |
| 020 ## - INTERNATIONAL STANDARD BOOK NUMBER | |
| International Standard Book Number | 9789361592898 |
| 040 ## - CATALOGING SOURCE | |
| Transcribing agency | IIMT ENGINEERING COLLEGE |
| 100 ## - MAIN ENTRY--PERSONAL NAME | |
| Personal name | CHOPRA SUNIL |
| 245 ## - TITLE STATEMENT | |
| Title | SUPPLY CAIN MANAGEMENT |
| 260 ## - PUBLICATION, DISTRIBUTION, ETC. | |
| Place of publication, distribution, etc. | NEW DELHI |
| Name of publisher, distributor, etc. | PERSON |
| Date of publication, distribution, etc. | 9-8-24, PEARSON |
| 300 ## - PHYSICAL DESCRIPTION | |
| Extent | 574 |
| 440 ## - SERIES STATEMENT/ADDED ENTRY--TITLE | |
| Title | SUPPLY CAIN MANAGEMENT |
| 942 ## - ADDED ENTRY ELEMENTS (KOHA) | |
| Source of classification or shelving scheme | |
| Koha item type | Text-Book- for 7 days |
| Withdrawn status | Lost status | Source of classification or shelving scheme | Damaged status | Not for loan | Home library | Current library | Date acquired | Cost, normal purchase price | Inventory number | Total Checkouts | Barcode | Date last seen | Copy number | Price effective from | Koha item type |
|---|---|---|---|---|---|---|---|---|---|---|---|---|---|---|---|
| IIMT Engineering College-MBA | IIMT Engineering College-MBA | 08/23/2024 | 900.00 | HO/IN/41 | 13-B-6890 | 08/23/2024 | 3 | 08/23/2024 | Text-Book- for 7 days | ||||||
| IIMT Engineering College-MBA | IIMT Engineering College-MBA | 08/23/2024 | 900.00 | HO/IN/41 | 13-B-6891 | 08/23/2024 | 4 | 08/23/2024 | Text-Book- for 7 days | ||||||
| IIMT Engineering College-MBA | IIMT Engineering College-MBA | 08/23/2024 | 900.00 | HO/IN/41 | 13-B-6892 | 08/23/2024 | 5 | 08/23/2024 | Text-Book- for 7 days |

